Public Finances : (Registro nro. 7737)

Detalles MARC
000 -LEADER
fixed length control field 01545nam a2200229Ia 4500
003 - CONTROL NUMBER IDENTIFIER
control field OSt
005 - DATE AND TIME OF LATEST TRANSACTION
control field 20210427105418.0
008 - FIXED-LENGTH DATA ELEMENTS--GENERAL INFORMATION
fixed length control field 210310s1961 eu gr 100 0 eng d
040 ## - CATALOGING SOURCE
Original cataloging agency CO-JMCR
Transcribing agency CO-JMCR
041 0# - LANGUAGE CODE
Language code of text/sound track or separate title eng
082 04 - DEWEY DECIMAL CLASSIFICATION NUMBER
Classification number 336.01 /
Item number C748p
Edition number 23
111 2# - MAIN ENTRY--MEETING NAME
Meeting name or jurisdiction name as entry element A Conference of the Universities-National Bureau Committee for Economic Research
9 (RLIN) 37176
245 10 - TITLE STATEMENT
Title Public Finances :
Remainder of title needs, sources, and Utilization /
Statement of responsibility, etc. A Conference of the Universities-National Bureau Committee for Economic Research
260 ## - PUBLICATION, DISTRIBUTION, ETC.
Place of publication, distribution, etc. New York :
Name of publisher, distributor, etc. Princeton University Press,
Date of publication, distribution, etc. 1961
300 ## - PHYSICAL DESCRIPTION
Other physical details xiii, 512 páginas ;
Dimensions 24 cm.
490 0# - SERIES STATEMENT
Series statement Oficina Nacional de Investigación Económica.
-- Serie de conferencias especiales ;
Volume/sequential designation 12
500 ## - GENERAL NOTE
General note Incluye notas a pie de página e índice de autores.
505 0# - FORMATTED CONTENTS NOTE
Formatted contents note Financial needs and resources over the next decade: at all levels of governmente -- Financial needs and resources over the next decade: state and local governments -- An economic theory of fiscal decentralization -- Approaches to fiscal theory of political federalism -- Practical solutions to financial problems created by the multilevel political structure -- Metropolitan finance problems: territories, functions, and growth -- Decision-Making in taxation and expenditures -- Evaluating alternative expenditure programs -- Defense planning and organization -- User prices vs. taxes -- Asurvey of the theory of public expenditure criteria
650 14 - SUBJECT ADDED ENTRY--TOPICAL TERM
Topical term or geographic name entry element Toma de decisiones
9 (RLIN) 15309
650 14 - SUBJECT ADDED ENTRY--TOPICAL TERM
Topical term or geographic name entry element Finanzas públicas
9 (RLIN) 37177
942 ## - ADDED ENTRY ELEMENTS (KOHA)
Source of classification or shelving scheme Dewey Decimal Classification
Koha item type Books
Existencias
Withdrawn status Lost status Source of classification or shelving scheme Damaged status Not for loan Collection code Home library Current library Date acquired Source of acquisition Full call number Barcode Date last seen Copy number Koha item type
    Dewey Decimal Classification     Non-fiction Biblioteca Pública José María del Castillo y Rada Biblioteca Pública José María del Castillo y Rada 04/15/2018 Donación 336.01 / C748p 430004458 05/16/2024 Ej.1 Books